Представление документа в формате MARC21

Поле Инд. ПП Название Значение
Тип записи a
Библиографический уровень m
001 Контрольный номер 7946f152-bde2-4a76-b78f-de14742d4fce
005 Дата корректировки 20131111183729.8
008 Кодируемые данные 010213 d
020 a ISBN 5-85235-162-8
c Цена, тираж 15000.00
080 a Индекс УДК 75.01
084 a Индекс другой классификации/Индекс ББК Щ140
090 c Каталожный индекс Щ140
x Авторский знак Р25
a Полочн. индекс Щ140
100 1_ a Автор Раушенбах Борис Викторович
245 00 a Заглавие Геометрия картины и зрительное восприятие
c Ответственность Б.В. Раушенбах
260 0_ a Место издания Москва
c Дата издания 1994
b Издательство Фирма "Интерпракс"
300 a Объем 231,[4] c.
b Иллюстрации/ тип воспроизводства ил.
500 a Примечание Библиогр.: с.232 (12 назв.).
583 a Действие Получение впервые 29 14.02.97
k Исполнитель действия МНФ "Сорос"
583 a Действие Приписка 78 13.03.2000
k Исполнитель действия Дар Тверского департамента по образованию
650 a Основная рубрика Живопись
x Основная подрубрика Теория
650 a Основная рубрика Восприятие живописи
653 a Ключевые слова Восприятие живописи
a Ключевые слова Живопись
a Ключевые слова Перспектива
a Ключевые слова Теория живописи
852 t Порядковый номер экземпляра 1
p Инвентарный номер 678993
852 t Порядковый номер экземпляра 2
p Инвентарный номер 678994
p Инвентарный номер 678995
852 t Порядковый номер экземпляра 3
p Инвентарный номер 720451 19.55
p Инвентарный номер 720452 19.55
p Инвентарный номер 720453 19.55
888 a Бесплатные
952 p 29 15000.00 1 678993
p 29 15000.00 1 678994
p 29 15000.00 1 678995
p 29 15000.00 1 678996
p 29 15000.00 1 678997
p 78.2000 19.55 1 720451
p 78.2000 19.55 1 720452
p 78.2000 19.55 1 720453
p 78.2000 19.55 1 720454
p 78.2000 19.55 1 720455
c Вид литературы К рн
954 a Дата поступления на обработку 17.02.97
999 a Подразделение 2 ч.з.
a Подразделение 2 уч.о
a Подразделение 2 Фил2